Nombra una ciudad méxicana A - Z - Estadísticas

Estadísticas generales
  • Esta prueba ha sido intentada 104 veces
  • La puntuación promedio es 10 de 23
Estadísticas de respuestas
Letra Ciudad % Correcto
C Cabo San Lucas | Cancún | Celaya | Chalco de Díaz Covarrubias | Chetumal | + 25 más
99%
M Manzanillo | Mazatlán | Mérida | Mexicali | Minatitlán | Miramar | Monclova | Monterrey | Morelia
86%
A Acapulco de Juárez | Aguascalientes | Apatzingán de la Constitución | Apodaca
74%
G García | General Escobedo | Gómez Palacio | Guadalajara | Guadalupe | Guaymas
74%
T Tampico | Tapachula | Tehuacán | Temixco | Tepexpan | Tepic | Tijuana | + 7 más
74%
P Pachuca de Soto | Piedras Negras | Playa del Carmen | Poza Rica de Hidalgo | + 2 más
68%
S Salamanca | Saltillo | San Cristóbal de las Casas | San Francisco Coacalco | + 12 más
68%
V Veracruz | Victoria de Durango | Villa de Álvarez | Villa Nicolás Romero | Villahermosa
64%
L La Paz | Lagos de Moreno | León | Los Mochis
60%
Z Zacatecas | Zamora de Hidalgo | Zapopan
60%
O Oaxaca de Juárez | Ojo de Agua | Orizaba
51%
J Jiutepec | Juárez
45%
X Xalapa | Xico
36%
H Hacienda Santa Fe | Hermosillo | Heroica Matamoros | Heroica Nogales | Hidalgo del Parral
33%
E Ecatepec de Morelos | El Pueblito | Ensenada
29%
N Naucalpan de Juárez | Navojoa | Nezahualcóyotl | Nuevo Laredo
25%
U Uruapan del Progreso
24%
R Ramos Arizpe | Reynosa | Río Bravo | Rosarito
23%
F Fresnillo
14%
I Iguala | Irapuato | Ixtapaluca
14%
D Delicias
8%
B Buenavista
7%
K Kanasín
1%
No se encontraron pruebas coincidentes
Distribución de puntuación
Porcentaje de gente con cada puntuación
Porcentaje por número respondido
Historial de tus puntuaciones
No has intentado esta prueba.